New standard encyclopedia : (Record no. 107063)

MARC details
000 -LEADER
campo de control de longitud fija 00701cam a2200241Ia 4500
001 - NÚMERO DE CONTROL
campo de control 97443
005 - FECHA Y HORA DE LA ÚLTIMA TRANSACCIÓN
campo de control 20230411085746.0
008 - DATOS DE LONGITUD FIJA--INFORMACIÓN GENERAL
campo de control de longitud fija 960116t1956 iluabf 000 0 eng d
035 ## - NÚMERO DE CONTROL DEL SISTEMA
Número de control de sistema (OCoLC)ocm34040336
040 ## - FUENTE DE CATALOGACIÓN
Centro catalogador/agencia de origen LWU
Centro/agencia transcriptor LWU
Centro/agencia modificador OCL
035 ## - NÚMERO DE CONTROL DEL SISTEMA
Número de control de sistema (OCoLC)34040336
049 ## - FONDOS LOCALES (OCLC)
Biblioteca depositaria GRAL
050 14 - SIGNATURA TOPOGRÁFICA DE LA BIBLIOTECA DEL CONGRESO
Número de clasificación R AE 5
Número de ítem N532 1956
082 00 - NÚMERO DE LA CLASIFICACIÓN DECIMAL DEWEY
Número de clasificación 031
245 00 - MENCIÓN DEL TÍTULO
Título New standard encyclopedia :
Resto del título organized information : clear, concise, correct.
260 ## - PUBLICACIÓN, DISTRIBUCIÓN, ETC.
Lugar de publicación, distribución, etc. Chicago :
Nombre del editor, distribuidor, etc. Standard Education Society,
Fecha de publicación, distribución, etc. 1956.
300 ## - DESCRIPCIÓN FÍSICA
Extensión v. <8>:
Otras características físicas ill. ;
Dimensiones 22 cm.
505 0# - NOTA DE CONTENIDO CON FORMATO
Nota de contenido con formato [v. 8] : M
650 #0 - PUNTO DE ACCESO ADICIONAL DE MATERIA--TÉRMINO DE MATERIA
Término de materia o nombre geográfico como elemento de entrada Encyclopedias and dictionaries.
710 2# - ENTRADA AGREGADA--NOMBRE DE ENTIDAD CORPORATIVA
Nombre de entidad corporativa o nombre de jurisdicción como elemento de entrada Standard Educational Corporation.
942 ## - ELEMENTOS DE ENTRADA SECUNDARIOS (KOHA)
Fuente del sistema de clasificación o colocación Clasificación de Library of Congress
Tipo de ítem Koha
994 ## -
-- C0
-- DRFGD
Holdings
Estatus retirado Estado de pérdida Fuente del sistema de clasificación o colocación Estado de daño No para préstamo Colección Biblioteca de origen Biblioteca actual Ubicación en estantería Fecha de adquisición Signatura topográfica completa Código de barras Visto por última vez Copia número Tipo de ítem Koha Serial enumeration / chronology
    Clasificación de Library of Congress     Referencia Biblioteca Juan Bosch Biblioteca Juan Bosch Referencia (1er. Piso) 11/04/2023 R AE 5 N532 1956 00000091450 17/02/2019 1    
    Clasificación de Library of Congress     Referencia Biblioteca Juan Bosch Biblioteca Juan Bosch Referencia (1er. Piso) 11/04/2023 R AE 5 N532 1956 00000091347 17/02/2019 1   v.9